2025/2026 Premier League Goalscorers: Gameweek 7 - Statistics

General Stats
  • This quiz has been taken 31 times
  • The average score is 18 of 25
Answer Stats
Fixture Club Score Goalscorer % Correct
Manchester United v Sunderland Manchester United 2-0 Benjamin Sesko
96%
Chelsea v Liverpool Chelsea 1-0 Moises Caicedo
96%
Brentford v Manchester City Manchester City 1-0 Erling Haaland
92%
Bournemouth v Fulham Bournemouth 1-1 Antoine Semenyo
88%
Bournemouth v Fulham Bournemouth 3-1 Antoine Semenyo
88%
Arsenal v West Ham Arsenal 2-0 Bukayo Saka
88%
Chelsea v Liverpool Liverpool 1-1 Cody Gakpo
88%
Leeds v Tottenham Tottenham 2-1 Mohammed Kudus
88%
Arsenal v West Ham Arsenal 1-0 Declan Rice
83%
Newcastle v Nottingham Forest Newcastle 2-0 Nick Woltemade
83%
Chelsea v Liverpool Chelsea 2-1 Estevao
79%
Manchester United v Sunderland Manchester United 1-0 Mason Mount
79%
Everton v Crystal Palace Everton 1-1 Iliman Ndiaye
75%
Everton v Crystal Palace Everton 2-1 Jack Grealish
71%
Newcastle v Nottingham Forest Newcastle 1-0 Bruno Guimaraes
67%
Aston Villa v Burnley Aston Villa 1-0 Donyell Malen
67%
Aston Villa v Burnley Aston Villa 2-0 Donyell Malen
67%
Everton v Crystal Palace Crystal Palace 1-0 Daniel Munoz
63%
Leeds v Tottenham Tottenham 1-0 Mathys Tel
63%
Wolves v Brighton Brighton 1-1 Jean Paul van Hecke
58%
Bournemouth v Fulham Bournemouth 2-1 Justin Kluivert
58%
Wolves v Brighton Brighton (OG) 1-0 Bart Verbruggen
46%
Leeds v Tottenham Leeds 1-1 Noah Okafor
46%
Bournemouth v Fulham Fulham 1-0 Ryan Sessegnon
42%
Aston Villa v Burnley Burnley 2-1 Lesley Ugochukwu
33%
No matching quizzes found
Score Distribution
Percent of People with Each Score
Percentile by Number Answered
Your Score History
You have not taken this quiz